The Infuriting Quiz - Statistics

General Stats
  • This quiz has been taken 67 times
  • The average score is 5 of 20
Answer Stats
Hint Answer % Correct
Leader of the movement that lead to the above Mahatma {Ghandi}
68%
Capital of India Dehli
52%
Famous line from Hamlet {Too} be or not {too} be
48%
In 1947 India became... Independant
35%
Complete the following figure of speech: "It's better to be safe... {then sorry}"
34%
Pokémon catchphrase Pikachu! I {chose} you!
32%
Sea south of Cuba Carribean Sea
26%
Sequel to Alice's Adventures in Wonderland {Threw} the Looking-Glass
26%
Climate type characterized by very little rain Dessert
23%
What's the full form of the word "could've"? could of
21%
What is a formal way to say sorry? "Please {except} my sincere apologies"
21%
Region consisting of Sweden, Norway and Denmark Scandanavia
21%
Type of body art Tatoo
19%
Cause of both diabetes and tooth decay Suger
15%
Pewdiepie is one of the biggest YouTube... Chanels
8%
What this quiz would be, according to Comic Book Guy in Simpsons {Worse}. Quiz. Ever!
8%
India has 22 official ... on the state level Langauges
6%
The second James Bond movie From Russia {whit Love}
3%
Another term for abstract art None-figurative art
3%
Synonym for the above word Tounge
3%
No matching quizzes found
Score Distribution
Percent of People with Each Score
Percentile by Number Answered
Your Score History
You have not taken this quiz